Field study 3: technology in the learning environment / (Record no. 4747)
[ view plain ]
| 000 -LEADER | |
|---|---|
| fixed length control field | 00965nam a22003017a 4500 |
| 003 - CONTROL NUMBER IDENTIFIER | |
| control field | URS |
| 005 - DATE AND TIME OF LATEST TRANSACTION | |
| control field | 20220117120514.0 |
| 008 - FIXED-LENGTH DATA ELEMENTS--GENERAL INFORMATION | |
| fixed length control field | 190703b ||||| |||| 00| 0 eng d |
| 020 ## - INTERNATIONAL STANDARD BOOK NUMBER | |
| International Standard Book Number | 9789719803010 |
| 040 ## - CATALOGING SOURCE | |
| Description conventions | rda |
| Transcribing agency | URS |
| Language of cataloging | eng |
| 050 ## - LIBRARY OF CONGRESS CALL NUMBER | |
| Classification number | LB 2394 |
| Item number | .R2615 2015 |
| 100 ## - MAIN ENTRY--PERSONAL NAME | |
| Relator code | Author. |
| Personal name | Reganit, Arnulfo Aaron R. |
| 245 ## - TITLE STATEMENT | |
| Title | Field study 3: technology in the learning environment / |
| Statement of responsibility, etc. | Arnulfo Aaron R. Reganit, Ed.D., Renato L. Gavino, Ph.D. |
| 250 ## - EDITION STATEMENT | |
| Edition statement | Second edition. |
| 264 #1 - PRODUCTION, PUBLICATION, DISTRIBUTION, MANUFACTURE, AND COPYRIGHT NOTICE | |
| Place of production, publication, distribution, manufacture | Quezon City : |
| Name of producer, publisher, distributor, manufacturer | C & E Publishing , Inc., |
| Date of production, publication, distribution, manufacture, or copyright notice | [2015] |
| 264 #4 - PRODUCTION, PUBLICATION, DISTRIBUTION, MANUFACTURE, AND COPYRIGHT NOTICE | |
| Date of production, publication, distribution, manufacture, or copyright notice | ©2015 |
| 300 ## - PHYSICAL DESCRIPTION | |
| Extent | 80 pages ; |
| Dimensions | 26 cm |
| 336 ## - CONTENT TYPE | |
| Content type term | text |
| Content type code | txt |
| Source | rdacontent |
| 337 ## - MEDIA TYPE | |
| Media type term | unmediated |
| Media type code | n |
| Source | rdamedia |
| 338 ## - CARRIER TYPE | |
| Carrier type term | volume |
| Carrier type code | nc |
| Source | rdacarrier |
| 504 ## - BIBLIOGRAPHY, ETC. NOTE | |
| Bibliography, etc. note | Includes bibliographical references. |
| 650 ## - SUBJECT ADDED ENTRY--TOPICAL TERM | |
| Topical term or geographic name entry element | Fieldwork (educational method) |
| 650 ## - SUBJECT ADDED ENTRY--TOPICAL TERM | |
| Topical term or geographic name entry element | Educational technology |
| 650 ## - SUBJECT ADDED ENTRY--TOPICAL TERM | |
| Topical term or geographic name entry element | Teaching- aids and devices |
| 650 ## - SUBJECT ADDED ENTRY--TOPICAL TERM | |
| Topical term or geographic name entry element | Learning |
| 700 ## - ADDED ENTRY--PERSONAL NAME | |
| Personal name | Gavino, Renato L. |
| 942 ## - ADDED ENTRY ELEMENTS (KOHA) | |
| Source of classification or shelving scheme | Library of Congress Classification |
| Koha item type | Filipiniana |
| Withdrawn status | Source of classification or shelving scheme | Damaged status | Not for loan | Collection code | Home library | Current library | Shelving location | Date acquired | Source of acquisition | Total Checkouts | Full call number | Barcode | Date last seen | Price effective from | Koha item type |
|---|---|---|---|---|---|---|---|---|---|---|---|---|---|---|---|
| Library of Congress Classification | Non-fiction | Antipolo College Library | Antipolo College Library | On Display | 08/29/2018 | Library Fund | LB 2394 .R2615 2015 | URSANT-04864 | 08/29/2018 | 08/29/2018 | Filipiniana | ||||
| Library of Congress Classification | Non-fiction | Antipolo College Library | Antipolo College Library | On Display | 08/29/2018 | Library Fund | LB 2394 .R2615 2015 | URSANT-04865 | 08/29/2018 | 08/29/2018 | Filipiniana | ||||
| Library of Congress Classification | Non-fiction | Antipolo College Library | Antipolo College Library | On Display | 08/29/2018 | Library Fund | LB 2394 .R2615 2015 | URSANT-04866 | 08/29/2018 | 08/29/2018 | Filipiniana | ||||
| Library of Congress Classification | Non-fiction | Antipolo College Library | Antipolo College Library | On Display | 08/29/2018 | Library Fund | LB 2394 .R2615 2015 | URSANT-04867 | 08/29/2018 | 08/29/2018 | Filipiniana | ||||
| Library of Congress Classification | Non-fiction | Antipolo College Library | Antipolo College Library | On Display | 08/29/2018 | Library Fund | LB 2394 .R2615 2015 | URSANT-04868 | 08/29/2018 | 08/29/2018 | Filipiniana |